LEADER 01606nam a2200361 a 4500 001 000000134381 003 CaOOAMICUS 005 20130613112953.0 008 130613s2004 it d u000 u ita r 020 $a88-15-10126-8 040 $aPUL$bita 041 1 $aita$heng 100 1 $aPutnam, Robert D.$0(OLS)http://pul/name/86563 240 10$aBowling alone.$lItaliano.$0(OLS)http://pul/title/169931 245 10$aCapitale sociale e individualismo :$bcrisi e rinascita della cultura civica in America /$cRobert D. Putnam ; edizione italiana a cura di Roberto Cartocci. 260 $aBologna :$bIl Mulino,$c©2004. 300 $aXI, 495 p. :$bgrafici ;$c22 cm 490 1 $aSaggi ;$v619 500 $aInclude indici. 504 $aBibliografia in nota. 651 4$aStati Uniti$xCiviltà.$0(OLS)http://pul/subject/24096 651 4$aStati Uniti$xCondizioni sociali.$0(OLS)http://pul/subject/19389 700 1 $aCartocci, Roberto.$0(OLS)http://pul/name/80705 830 0$aSaggi (Il Mulino) ;$v619.$0(OLS)http://pul/title/7843 850 $aPUL 852 $aPUL$W1$xDP1 Fondo E. Rossi$y115$m1 P 77$j154519$qFondi$q $B154068$CPULBib$Z2$F154068 $Hnull $81 941 1 $a1 960 $aStati Uniti d'America$924096 961 $aSul dorso collocazione ms. di E. Rossi: P 34 2 996 $6020$a88-15-10126-8$9(OLS)http://pul/number/153048 996 $6245$aCapitale sociale e individualismo :$bcrisi e rinascita della cultura civica in America$9(OLS)http://pul/title/169932 996 $6260$aBologna :$bIl Mulino$9(OLS)http://pul/publisher/47928 LEADER 01569nam a2200349 a 4500 001 000000147835 003 CaOOAMICUS 005 20151201112622.0 008 151201s2006 it u000 u ita r 020 $a88-7470-020-2* 032 $aLibriCat 040 $aPUL$bita 041 1 $aita$heng 082 04$a128.1 100 1 $aSteel, Carlos.$0(OLS)http://pul/name/3170 240 10$aChanging self.$lItaliano.$0(OLS)http://pul/title/186554 245 13$aIl Sè che cambia : $bl'anima nel tardo Neoplatonismo: Giamblico, Damascio e Prisciano /$cCarlos Steel ; edizione italiana a cura di Lucrezia Iris Martone. 260 $aBari :$bEdizioni di Pagina,$c2006. 300 $aXXV, 339 p. ;$c20 cm. 490 1 $aBiblioteca filosofica di Quaestio ;$v02 504 $aBibliografia p. 287-324. 650 4$aAnima (filosofia).$0(OLS)http://pul/subject/23306 700 1 $aMartone, Lucrezia Iris.$0(OLS)http://pul/name/94449 830 0$aBiblioteca filosofica di Quaestio ;$v02.$0(OLS)http://pul/title/147279 850 $aPUL 852 $aPUL$W1$xSL Filosofia 3$y81$m128. 1 STECA 1$j170673$qDDC 21$B171649$CPULBib$Z2$F171649 $H126562 $81 941 1 $a9 996 $6020$a88-7470-020-2*$9(OLS)http://pul/number/159104 996 $6082$a128.1$9(OLS)http://pul/classification/2857 996 $6245$aIl Sè che cambia : $bl'anima nel tardo Neoplatonismo: Giamblico, Damascio e Prisciano$9(OLS)http://pul/title/186553 996 $6260$aBari :$bEdizioni di Pagina$9(OLS)http://pul/publisher/80667 LEADER 01536nam a2200313 a 4500 001 000000139047 003 CaOOAMICUS 005 20140627120154.0 008 140627s1989 it u100 u ita r 020 $a88-372-1382-4 040 $aPUL$bita 110 2 $aIstituto di scienze religiose in Trento.$bConvegno$c(Trento :$d1987).$0(OLS)http://pul/name/89680 245 13$aLe forme del silenzio e della parola :$batti del Convegno "Il silenzio e la parola" tenuto a Trento il 15-17 ottobre 1987 /$ca cura di Massimo Baldini, Silvano Zucal. 260 $aBrescia :$bMorcelliana,$c©1989. 300 $a610 p. ;$c23 cm 490 1 $aReligione e cultura ;$v01 500 $aIn testa al front.: Istituto di scienze religiose in Trento. 504 $aBibliografia in nota. 650 4$aSilenzio (filosofia).$0(OLS)http://pul/subject/39478 700 1 $aZucal, Silvano.$0(OLS)http://pul/name/15105 700 1 $aBaldini, Massimo,$d1947-2008.$0(OLS)http://pul/name/5596 830 0$aReligione e cultura ;$v01.$0(OLS)http://pul/title/21162 850 $aPUL 852 $aPUL$W1$xDP1 Filosofia 1$y19$m590 I 69$j160545$qStampati$B159974$CPULBib$Z2$F159974 $H63247 $81 941 1 $a8 996 $6020$a88-372-1382-4$9(OLS)http://pul/number/155638 996 $6245$aLe forme del silenzio e della parola :$batti del Convegno "Il silenzio e la parola" tenuto a Trento il 15-17 ottobre 1987$9(OLS)http://pul/title/176039 996 $6260$aBrescia :$bMorcelliana$9(OLS)http://pul/publisher/47854